000 00298nam a22001337a 4500
008 170928b xxu||||| |||| 00| 0 eng d
020 _a9780312675974
041 _aeng
080 _26 ED
_a37
100 _a47
101 _aEDU
245 _aST MATIN HANDBOOK
_cLUNSFORD.A.A
942 _2udc
_cBK
999 _c30583
_d30583